000 00268nam a22001217a 4500
008 190304b xxu||||| |||| 00| 0 eng d
041 _aeng
080 _a821
100 _a22
101 _aGJL
245 _aA Treasury for Word Lovers
_cFreeman, M,S
942 _2udc
_cBK
999 _c54432
_d54432